Laser beam scintillation with applications (Record no. 192950)
[ view plain ]
| 000 -LEADER | |
|---|---|
| fixed length control field | 00454nam a2200157Ia 4500 |
| 008 - FIXED-LENGTH DATA ELEMENTS--GENERAL INFORMATION | |
| fixed length control field | 231217s9999 xx 000 0 und d |
| 020 ## - INTERNATIONAL STANDARD BOOK NUMBER | |
| International Standard Book Number | 819441031 |
| 041 ## - LANGUAGE CODE | |
| Language code of text/sound track or separate title | English |
| 082 ## - DEWEY DECIMAL CLASSIFICATION NUMBER | |
| Classification number | 535.3 AND;1 R |
| 100 ## - MAIN ENTRY--PERSONAL NAME | |
| Personal name | Andrews, Larry C. Phillips, Ronald L. Hopen, Cynthia Y. |
| 245 #0 - TITLE STATEMENT | |
| Title | Laser beam scintillation with applications |
| 260 ## - PUBLICATION, DISTRIBUTION, ETC. | |
| Date of publication, distribution, etc. | 2001 |
| Name of publisher, distributor, etc. | SPIE Press |
| Place of publication, distribution, etc. | Washington |
| 300 ## - PHYSICAL DESCRIPTION | |
| Extent | xix, 375 |
| 650 ## - SUBJECT ADDED ENTRY--TOPICAL TERM | |
| Topical term or geographic name entry element | Laser,beam,scintillation |
| 942 ## - ADDED ENTRY ELEMENTS (KOHA) | |
| Koha item type | Books |
| Date last seen | Total checkouts | Full call number | Accession number | Uniform resource identifier | Cost, total (INR) price | Price effective from | Category | Lost status | Damaged status | Department | Withdrawn status | Home library | Current library | Shelving location | Entry date | Vendor | Cost, normal purchase price | Grants | Billnumber | Billdate | Currency symbol | Conversion rate | Discount | Old discount |
|---|---|---|---|---|---|---|---|---|---|---|---|---|---|---|---|---|---|---|---|---|---|---|---|---|
| 26/01/2024 | 535.3 AND;1 R | 79598 | digital/contents/79598.pdf | 2737.80 | 26/01/2024 | Books | Central Library | Central Library | Central Library | Central Library | 30/08/2011 | Allied publ. | 78.00 | EC | BA/2011/CR/0002114 | 28/10/2016 | USD | 46.8 | 19.5 | 25 |
